| 000 | 00858nam a2200265 i 4500 | ||
|---|---|---|---|
| 003 | DO-SdBNP | ||
| 005 | 20250716102811.0 | ||
| 007 | ta | ||
| 008 | 250716s1997 dr o 000 0 spa d | ||
| 040 |
_aDO-SdBNP _bspa _cBNPHU _erda |
||
| 041 | _aspa | ||
| 082 | 4 |
_axxx _bF897 _222 |
|
| 100 | 1 |
_aFrías, Salomé _eautora _916020 _4aut. |
|
| 245 | 1 | 0 |
_aMujeres en buena lid : _bepistolario / _cSalomé Frías ; prólogo, Ana Silvia Reynoso de Abud |
| 250 | _aPrimera edición | ||
| 264 | 1 |
_aSanto Domingo : _bBrios Publicidad, _c1997. |
|
| 300 |
_a79, [4] páginas : _bfotografías ; _c27 cm. |
||
| 336 |
_atexto _btxt _2rdacontent |
||
| 337 |
_asin mediación _bn _2rdamedia |
||
| 338 |
_avolumen _bnc _2rdacarrier |
||
| 590 | _aInventariado, 2025/ YL | ||
| 700 | 1 |
_aReynoso de Abud, Ana Silvia _eprólogo _4pr. _925318 |
|
| 910 | _aYLockward | ||
| 942 |
_2ddc _cLBS1 |
||
| 999 |
_c59555 _d59555 |
||